Statistics for Pixelated Americas Map in 30 Seconds

Click here to take the quiz!

General Stats

  • This quiz has been taken 1,453 times
  • The average score is 148 of 156

Answers on the Map

Answers color-coded by a green-red scale on the quiz's map according to % correct below.
 

Answer Stats

Country% Correct
Canada
99%
United States
99%
Mexico
97%
Brazil
96%
Argentina
90%
Colombia
82%
Chile
81%
Peru
81%
Venezuela
77%
Bolivia
74%
Uruguay
68%
Paraguay
65%
Honduras
60%
Suriname
59%

Score Distribution

Percentile by Number Answered

Percent of People with Each Score

Your Score History

You have not taken this quiz